Estudio practico del ISR e IVA de bienes inmuebles para personas fs̕icas 2019

Bibliographic Details
Main Author: Da̕z Castrejn̤, Benjamn̕
Format: eBook
Language:Spanish
Published: Ciudad de Mx̌ico: Ediciones Fiscales ISEF, 2019
Subjects:
Online Access:Acceso restringido

MARC

LEADER 00000nam a22000007a 4500
005 20190607135249.0
007 cr|||| ||||
008 190607s2019 mx |||||s|||| 00||0 spa d
020 |a 978-607-541-119-4 
035 |a 23109 
040 |a vLex 
090 |c 8873  |d 8873 
100 1 |a Da̕z Castrejn̤, Benjamn̕ 
245 1 0 |a Estudio practico del ISR e IVA de bienes inmuebles para personas fs̕icas 2019  |h [Recurso electrn̤ico] /  |c Benjamn̕ Da̕z Castrejn̤ 
256 |a Servicio en ln̕ea 
260 |a Ciudad de Mx̌ico:  |b Ediciones Fiscales ISEF,  |c 2019 
300 |a 1 recurso electrn̤ico 
506 1 |a Disponible solo en los productos indicados  |d vLex Global  |d vLex Global (Academic Edition, excluding Law Schools)  |d vLex Global (U.S. Academic Edition, Law Schools)  |d vLex Global (U.S. Academic Edition, excluding Law Schools)  |d vLex Global (Academic Edition, Law Schools) 
650 0 4 |a Derecho Fiscal  |z Mx̌ico 
650 0 4 |a IVA  |z Mx̌ico 
740 0 |a vLex Libros (Servicio en ln̕ea) 
856 4 0 |u http://vlex.com/source/estudio-practico-del-isr-e-iva-de-bienes-inmuebles-para-personas-fisicas-2019-23109  |z Acceso restringido 
942 |c BOOK 
999 0 |a Tax Law 
999 0 |a VAT